|
|
|
|
| LEADER |
01000caa a2200265 c 4500 |
| 001 |
1409701921 |
| 003 |
DE-627 |
| 005 |
20220529131447.0 |
| 007 |
tu |
| 008 |
110404s1986 xx ||||| 00| ||ger c |
| 035 |
|
|
|a (DE-627)1409701921
|
| 035 |
|
|
|a (DE-576)339701927
|
| 035 |
|
|
|a (DE-599)BSZ339701927
|
| 040 |
|
|
|a DE-627
|b ger
|c DE-627
|e rakwb
|
| 041 |
|
|
|a ger
|
| 100 |
1 |
|
|a Schmidinger, Heinrich
|d 1916-1992
|e verfasserin
|0 (DE-588)119551918
|0 (DE-627)080368417
|0 (DE-576)212950355
|4 aut
|
| 245 |
1 |
4 |
|a Die Rückkehr Gregors XI. nach Rom in den Berichten des Cristoforus von Piacenza
|
| 264 |
|
1 |
|c 1986
|
| 300 |
|
|
|a S. [215] - 223
|
| 336 |
|
|
|a Text
|b txt
|2 rdacontent
|
| 337 |
|
|
|a ohne Hilfsmittel zu benutzen
|b n
|2 rdamedia
|
| 338 |
|
|
|a Band
|b nc
|2 rdacarrier
|
| 773 |
0 |
8 |
|i In
|a Schmidinger, Heinrich, 1954 -
|t Patriarch im Abendland
|d Salzburg : Verl. St. Peter, 1986
|g (1986), Seite 215-223
|h XXIV, 464 S
|w (DE-627)013573640
|w (DE-576)012272213
|z 3900173494
|7 nnam
|
| 773 |
1 |
8 |
|g year:1986
|g pages:215-223
|
| 912 |
|
|
|a GBV_USEFLAG_U
|
| 912 |
|
|
|a GBV_ILN_350
|
| 912 |
|
|
|a ISIL_DE-2795
|
| 912 |
|
|
|a SYSFLAG_1
|
| 912 |
|
|
|a GBV_KXP
|
| 912 |
|
|
|a GBV_ILN_20
|
| 912 |
|
|
|a GBV_ILN_21
|
| 912 |
|
|
|a GBV_ILN_24
|
| 912 |
|
|
|a GBV_ILN_40
|
| 912 |
|
|
|a GBV_ILN_50
|
| 912 |
|
|
|a GBV_ILN_65
|
| 912 |
|
|
|a GBV_ILN_756
|
| 912 |
|
|
|a GBV_ILN_791
|
| 912 |
|
|
|a GBV_ILN_813
|
| 912 |
|
|
|a GBV_ILN_2001
|
| 912 |
|
|
|a GBV_ILN_2002
|
| 912 |
|
|
|a GBV_ILN_2006
|
| 912 |
|
|
|a GBV_ILN_2007
|
| 912 |
|
|
|a GBV_ILN_2008
|
| 912 |
|
|
|a GBV_ILN_2009
|
| 912 |
|
|
|a GBV_ILN_2010
|
| 912 |
|
|
|a GBV_ILN_2012
|
| 912 |
|
|
|a GBV_ILN_2018
|
| 912 |
|
|
|a GBV_ILN_2030
|
| 912 |
|
|
|a GBV_ILN_2056
|
| 912 |
|
|
|a GBV_ILN_2285
|
| 912 |
|
|
|a GBV_ILN_2579
|
| 912 |
|
|
|a GBV_ILN_350_
|
| 912 |
|
|
|a GBV_ILN_2002
|
| 912 |
|
|
|a ISIL_DE-21-32b
|
| 951 |
|
|
|a AR
|
| 952 |
|
|
|j 1986
|h 215-223
|
| 980 |
|
|
|2 350
|1 01
|x 8293
|b 3510906705
|c 00
|f MAG1
|d At 2037
|e i
|j --%%--
|y z
|z 02-09-19
|
| 980 |
|
|
|2 2002
|1 01
|x DE-21-32b
|b 2669823637
|c 00
|f --%%--
|d in: Fb 450
|e p
|j --%%--
|y l01
|z 04-04-11
|